[Event "BCF-chT4 0304 (4NCL)"]
[Site "West Bromwich "]
[Date "2004.01.25"]
[Round "4.6"]
[White "Jones, Richard M"]
[Black "Tanner, Gary"]
[Result "0-1"]
[WhiteElo "2063"]
[BlackElo "1640"]
[PlyCount "50"]
[EventDate "2003.10.??"]
[EventType "team"]
[EventRounds "11"]
[EventCountry "ENG"]
[SourceTitle "EXT 2005"]
[Source "ChessBase"]
[SourceDate "2004.11.15"]
[SourceVersion "1"]
[SourceVersionDate "2004.11.15"]
[SourceQuality "1"]
[WhiteTeam "Cambridge"]
[BlackTeam "Brown Jack"]
[WhiteTeamCountry "ENG"]
[BlackTeamCountry "ENG"]

1. e4 c5 2. Nf3 d6 3. Bb5+ Bd7 4. Bxd7+ Qxd7 5. 0-0 Nc6 6. c3 Nf6 7. Re1 g6 8. d4 cxd4 9. cxd4 Bg7 10. Nc3 0-0 11. Bg5 Rfe8 12. Rc1 Rac8 13. Qd2 b6 14. b3 Qc7 15. Nd5 Qb7 16. Bxf6 Bxf6 17. Qf4 Bg7 18. Ng5 e5 19. Qh4 h6 20. Nf3 exd4 21. Rc4 g5 22. Qg4 Kf8 23. Rec1 b5 24. R4c2 d3 25. Rd2 Ne5 0-1

[Event "BCF-chT4 0304 (4NCL)"]
[Site "West Bromwich "]
[Date "2003.11.22"]
[Round "1.6"]
[White "Jones, Richard M"]
[Black "Ludbrook, Matthew"]
[Result "1/2-1/2"]
[WhiteElo "2063"]
[BlackElo "1816"]
[PlyCount "63"]
[EventDate "2003.10.??"]
[EventType "team"]
[EventRounds "11"]
[EventCountry "ENG"]
[SourceTitle "EXT 2005"]
[Source "ChessBase"]
[SourceDate "2004.11.15"]
[SourceVersion "1"]
[SourceVersionDate "2004.11.15"]
[SourceQuality "1"]
[WhiteTeam "Cambridge"]
[BlackTeam "Oxford II"]
[WhiteTeamCountry "ENG"]
[BlackTeamCountry "ENG"]

1. e4 e6 2. d4 d5 3. Nd2 Nf6 4. e5 Nfd7 5. Bd3 c5 6. Ne2 cxd4 7. Nf3 Nc6 8. Bf4 Qc7 9. Nexd4 Ncxe5 10. Nxe5 Nxe5 11. Bb5+ Kd8 12. 0-0 Bd6 13. Re1 a6 14. Bxa6 Nf3+ 15. Qxf3 Bxf4 16. Bd3 Bxh2+ 17. Kh1 Qf4 18. Qh3 Qxd4 19. Qxh2 Qxb2 20. Qd6+ Bd7 21. Rab1 Qc3 22. Rxb7 Qc6 23. Qxc6 Bxc6 24. Rxf7 Bd7 25. Rb1 Kc8 26. Rxg7 Rxa2 27. Kh2 h5 28. Kg3 h4+ 29. Kh2 Rh6 30. Rg8+ Kc7 31. Rgb8 Ra7 32. Rg8 1/2-1/2

[Event "EU-Cup 19th"]
[Site "Rethymno"]
[Date "2003.10.01"]
[Round "4.1"]
[White "Rasmussen, Karsten"]
[Black "Jones, Richard M"]
[Result "1-0"]
[WhiteElo "2437"]
[BlackElo "2063"]
[PlyCount "43"]
[EventDate "2003.09.28"]
[EventType "team-swiss"]
[EventRounds "7"]
[EventCountry "GRE"]
[SourceTitle "CBM 098"]
[Source "ChessBase"]
[SourceDate "2004.02.03"]
[SourceVersion "1"]
[SourceVersionDate "2004.02.03"]
[SourceQuality "1"]
[WhiteTeam "Aarhus"]
[BlackTeam "Nidum Liberals"]
[WhiteTeamCountry "DEN"]
[BlackTeamCountry "WLS"]

1. c4 Nf6 2. Nc3 g6 3. g3 Bg7 4. Bg2 0-0 5. Nf3 d6 6. 0-0 e5 7. d4 Nbd7 8. e4 c6 9. h3 Qb6 10. c5 dxc5 11. dxe5 Ne8 12. e6 fxe6 13. Ng5 e5 14. Qe2 Qb4 15. Bd2 Nb6 16. Rfd1 Nc7 17. Qe1 Qxb2 18. Bf1 c4 19. a4 Qb4 20. a5 Nb5 21. Nxb5 Qxb5 22. axb6 1-0

[Event "EU-Cup 19th"]
[Site "Rethymno"]
[Date "2003.09.28"]
[Round "1.1"]
[White "Azarov, Sergei Nikolaevich"]
[Black "Jones, Richard M"]
[Result "1-0"]
[WhiteElo "2530"]
[BlackElo "2063"]
[PlyCount "55"]
[EventDate "2003.09.28"]
[EventType "team-swiss"]
[EventRounds "7"]
[EventCountry "GRE"]
[SourceTitle "CBM 098"]
[Source "ChessBase"]
[SourceDate "2004.02.03"]
[SourceVersion "1"]
[SourceVersionDate "2004.02.03"]
[SourceQuality "1"]
[WhiteTeam "Minsk Vesnianka"]
[BlackTeam "Nidum Liberals"]
[WhiteTeamCountry "BLR"]
[BlackTeamCountry "WLS"]

1. e4 c5 2. Nf3 d6 3. d4 cxd4 4. Nxd4 Nf6 5. Nc3 a6 6. Be3 e6 7. f3 b5 8. a4 b4 9. Na2 Qc7 10. c4 Nbd7 11. Nb3 d5 12. cxd5 exd5 13. exd5 Bb7 14. Rc1 Qe5 15. Kf2 Bd6 16. Bd4 Qg5 17. Qe1+ Kf8 18. Bc4 Re8 19. Qd2 Qf5 20. Rhe1 Ne5 21. Bc5 Bxc5+ 22. Nxc5 Nxc4 23. Rxc4 Bxd5 24. Rf4 Qc8 25. Qxb4 Rxe1 26. Nd7+ Ke8 27. Nxf6+ gxf6 28. Qxe1+ 1-0